000 00439nam a2200181Ia 4500
008 240925s9999 xx 000 0 und d
020 _aNA
082 _a297.2 NAI
100 _aNaik, Zakir
245 0 _aKhutbat E Zakir Naik
250 _aNA
260 _aJahlum:
_bBook Corner Show Room
_c,2009.
300 _ax,296p.
_bN.A
_fOriginal
500 _aNA
600 _aHumanities & Natural Science
650 _aReligion
942 _cBK
999 _c10917
_d10917